| 000 | 00420nam a2200169Ia 4500 | ||
|---|---|---|---|
| 005 | 20240823005205.0 | ||
| 008 | 240823s9999||||xx |||||||||||||| ||und|| | ||
| 082 | _A658.4033 N0 | ||
| 100 | _aReddy C R | ||
| 245 | 0 | _aQuantitative Methods for Management Decision | |
| 250 | _a1st | ||
| 260 |
_c1990 _b"Himalaya,Bombay" |
||
| 500 | _aYES | ||
| 650 |
_aManagement _bManagement Studies |
||
| 942 | _cBK | ||
| 999 |
_c155012 _d155012 |
||